00351nam a2200133Ia 45000030006000000080041000060400015000471000031000622450076000932500010001692600009001795460012001880050017002000STCL150530s9999 xx 000 0 und d aSTCLcSTCL aHansra, B.S.; Shukla, A.N. aSocial economic and political implications of green revolution in India aFirst c1991 aEnglish20220125165513.0